Acto administrativo /

Guardado en:
Autor Principal: Dromi, Roberto
Formato: Libro
Idioma:Spanish
Publicado: Buenos Aires : Ciudad Argentina, 2008.
Edición:4a. ed.
Materias:
Etiquetas: Agregar Etiqueta
Sin Etiquetas, Sea el primero en etiquetar este registro!
LEADER 00451nam a22001575a 4500
001 DER.der014248
008 191017s2008####ag#||||||||||||||#||spa||
005 20241106084830.0
245 1 0 |a Acto administrativo /  |c Roberto Dromi. 
250 |a 4a. ed. 
260 |a Buenos Aires :  |b Ciudad Argentina,  |c 2008. 
300 |a 458 p. 
020 |a 9789875072794 
100 1 |a Dromi, Roberto 
650 7 |a DERECHO ADMINISTRATIVO 
859 |a DERECHO  |b BIB. DERECHO  |h 342.06  |i DRO  |p 009504